00342nam a2200133Ia 4500008004100000020002200041041000800063082002200071100001600093245003400109260003700143300000900180999001900189230519s9999 xx 000 0 und d a978-93-5465-493-0 aeng aPY/150/SRE/DB0941 aSreevani R. aApplied Psychology for Nurses bJaypee BrothersaNew Delhic2022 a261p c159527d159527